Statistics for マリオパーティシリーズのプレイアブルキャラクター

Click here to take the quiz!

General Stats

  • This quiz has been taken 11 times
  • The average score is 22 of 27

Answer Stats

キャラクター名操作可能作品% Correct
マリオ全作品
100%
ワルイージ3以降(GBAを除く)
100%
ルイージ全作品
100%
キノピコ6~8・10・SR
100%
キノピオ4~10・DS・IT・SR
100%
クッパSP
100%
デイジー3以降(GBAを除く)
100%
ピーチ全作品
100%
ワリオ全作品(GBAを除く)
100%
ドンキーコング1~4・10以降(100を除く)
100%
クリボーSP
90%
ノコノコ9・SP
90%
キャサリン7~9・SS
90%
ヨッシー全作品
90%
カロン7・8・SP
90%
ハンマーブロス8・SP
80%
カメック9
80%
ロゼッタ10以降
80%
クッパJr.IT・SP
80%
ゲッソー8
70%
ヘイホー9・SP
70%
ディディーコングSR・SP
70%
テレサ4~8・IT・SP
70%
ガボン10
50%
ミニクッパ4~6
40%
ブンブンSP
40%
チョロプーSP
30%

Score Distribution

Percentile by Number Answered

Percent of People with Each Score

Your Score History

You have not taken this quiz